Schleichend an die Macht wie die Neue Rechte Geschichte instrumentalisier, um Deutungshoheit ὓber unsere Zukunft zu erlangen/
La Nueva Derecha lucha por el poder en Europa. Una de sus estrategias más fuertes: la instrumentalización de la historia para anclar su visión del mundo en la mente de las personas.
Na minha lista:
| Autor principal: | |
|---|---|
| Outros Autores: | |
| Formato: | Livro |
| Idioma: | Spanish |
| Publicado em: |
Alemania
DIETZ
2020
|
| Assuntos: | |
| Tags: |
Adicionar Tag
Sem tags, seja o primeiro a adicionar uma tag!
|
MARC
| LEADER | 00000nam a22000007a 4500 | ||
|---|---|---|---|
| 003 | cru CIDCACS/IIS | ||
| 005 | 20231011143357.0 | ||
| 008 | 230104b2020 gw ||||| |||| 00| 0 spa d | ||
| 020 | |a 978-3-802-0582-9 | ||
| 040 | |c cru CIDCACS/IIS |a cru CIDCACS/IIS | ||
| 090 | |a 04.04.02 A915s | ||
| 100 | 1 | |9 10871 |a Audretsch, Andreas | |
| 245 | 1 | |a Schleichend an die Macht |b wie die Neue Rechte Geschichte instrumentalisier, um Deutungshoheit ὓber unsere Zukunft zu erlangen/ |c Andreas Audretsch & Claudia C. Gatzka, (Hg.) | |
| 260 | |a Alemania |b DIETZ |c 2020 | ||
| 300 | |a 132 páginas | ||
| 520 | 3 | |a La Nueva Derecha lucha por el poder en Europa. Una de sus estrategias más fuertes: la instrumentalización de la historia para anclar su visión del mundo en la mente de las personas. | |
| 650 | 0 | 0 | |0 TESAUROS |9 5736 |a DERECHA |
| 650 | 0 | 4 | |9 5915 |a HISTORIA ECONOMICA |
| 650 | 0 | 0 | |9 3746 |a NUEVO ORDEN ECONOMICO INTERNACIONAL |
| 700 | 1 | |9 10872 |a Gatzka, Claudia C. | |
| 852 | 1 | 1 | |h 04.04.02 A915s |i 21920 |
| 942 | |2 z |c LI |h 04.04.02 A915s |i 21920 |6 040402_A915S_21920 | ||
| 999 | |c 44670 |d 44670 | ||
